Ice Age (Record no. 68551)

MARC details
000 -LÍDER
campo de controle de tamanho fixo 00221 a2200109 4500
001 - NÚMERO DE CONTROLE
campo de controle 68551
040 ## - FONTE DA CATALOGAÇÃO
Instituição que transcreveu o registro Anchieta - Itaigara
240 10 - TÍTULO UNIFORME
Título uniforme Ice Age
Idioma da obra
245 10 - TÍTULO
Título Ice Age
650 #4 - ASSUNTO--TERMO TÓPICO
Cabeçalho tópico ou nome geográfico Literatura infanto-juvenil
942 ## - ELEMENTOS DE ENTRADA ADICIONADOS (KOHA)
Tipo de material Koha Música
Holdings
Situação do descarte Situação das perdas Situação física Não pode ser emprestado Biblioteca de origem Biblioteca atual Data de aquisição Total de empréstimos Número de chamada completo Código de barras Data de último acesso Data do preço efetivo Tipo de material Koha Fonte da classificação ou esquema de arquivamento na estante Nota pública
        Colégio São Paulo Colégio São Paulo 21/11/2023   028.5 ICE 79/ITA 21/11/2023 21/11/2023 Música    
        Novo Tempo - Aureliano São José Novo Tempo - Aureliano São José 11/07/2024     i81 11/07/2024 11/07/2024 Música Classificação Decimal de Dewey INGLÊS